000 00757cpcaa2200241 4500
001 mm 79000289
003 DLC
005 20260227111630.0
008 790130|||||||||||| eng
010 _amm 79000289
040 _aDLC
_cDLC
_dDLC
_edacs
072 7 _aC
_2lcmd
100 1 _aBrearly, David,
_d1745-1790.
245 0 0 _aDavid Brearly correspondence,
_f1784.
300 _a1
_fitem.
506 0 _aOpen to research.
545 0 _aJurist.
546 _aCollection material in English.
580 _aForms part of: Miscellaneous Manuscripts collection.
656 7 _aJurists.
_2itoamc
999 _c40272
_d40272